[Event "Temuco Momberg Memorial"]
[Site "Temuco"]
[Date "2019.09.29"]
[Round "7"]
[White "Zuniga Alvarez, Alfredo"]
[Black "Carcamo Calderon, Jose Ignacio"]
[Result "1-0"]
[WhiteElo "1828"]
[BlackElo "1788"]
[PlyCount "75"]
[EventDate "2019.09.27"]
[EventType "tourn"]
[EventRounds "7"]
[EventCountry "CHI"]
[SourceTitle "CBM 194 Extra"]
[Source "ChessBase"]
[SourceDate "2020.03.31"]
[SourceVersion "1"]
[SourceVersionDate "2020.03.31"]
[SourceQuality "1"]

1. e4 e6 2. d4 d5 3. Nd2 dxe4 4. Nxe4 Bd7 5. Nf3 Bc6 6. Bd3 Nd7 7. 0-0 Ngf6 8. Bg5 Be7 9. Nxf6+ Nxf6 10. c3 Bxf3 11. Qxf3 Qd5 12. Qxd5 Nxd5 13. Bxe7 Nxe7 14. Be4 0-0-0 15. f4 Rd6 16. f5 exf5 17. Bxf5+ Nxf5 18. Rxf5 f6 19. Re1 Kd7 20. Rf3 Re8 21. Rxe8 Kxe8 22. Re3+ Kd7 23. Kf2 Ra6 24. a3 Rb6 25. b4 Re6 26. c4 h5 27. d5 Rd6 28. Rd3 c6 29. dxc6+ Kxc6 30. Rxd6+ Kxd6 31. Ke3 Ke5 32. a4 g5 33. a5 f5 34. g3 f4+ 35. gxf4+ gxf4+ 36. Kf3 Kd4 37. c5 Kc4 38. a6 1-0

[Event "Temuco Momberg Memorial"]
[Site "Temuco"]
[Date "2019.09.29"]
[Round "5"]
[White "Zuniga Alvarez, Alfredo"]
[Black "Narvaez Sandoval, Vicente Diego"]
[Result "0-1"]
[WhiteElo "1828"]
[BlackElo "1474"]
[PlyCount "98"]
[EventDate "2019.09.27"]
[EventType "tourn"]
[EventRounds "7"]
[EventCountry "CHI"]
[SourceTitle "CBM 194 Extra"]
[Source "ChessBase"]
[SourceDate "2020.03.31"]
[SourceVersion "1"]
[SourceVersionDate "2020.03.31"]
[SourceQuality "1"]

1. e4 e6 2. d4 d5 3. Nd2 Nf6 4. Bd3 c5 5. exd5 exd5 6. dxc5 Bxc5 7. Ngf3 0-0 8. 0-0 Bg4 9. h3 Bh5 10. Re1 Nc6 11. Nf1 Qb6 12. Be3 Bxe3 13. Rxe3 Bxf3 14. Qxf3 Qxb2 15. Ree1 Ne5 16. Qf5 Nxd3 17. cxd3 Qd4 18. Rab1 b6 19. Ne3 h6 20. a3 Rae8 21. Rec1 Re5 22. Nc2 Qc3 23. Qf3 Rfe8 24. a4 Re2 25. Ne3 Qxd3 26. Rd1 Rd2 27. Rxd2 Qxb1+ 28. Kh2 Qb4 29. Qd1 Rd8 30. Rd4 Qa3 31. Nf5 h5 32. Qe2 Re8 33. Qd1 g5 34. Ne3 Rd8 35. Qf3 Qd6+ 36. g3 Qe5 37. Qd1 Kg7 38. h4 Ne4 39. Qd3 Qe6 40. Nxd5 Nxf2 41. Qd2 Qh3+ 42. Kg1 Qxg3+ 43. Kf1 Nh3 44. Qg2 Qxg2+ 45. Kxg2 Nf4+ 46. Rxf4 Rxd5 47. Rc4 Rd3 48. Rc7 a6 49. Rc8 b5 0-1

[Event "Temuco Momberg Memorial"]
[Site "Temuco"]
[Date "2019.09.28"]
[Round "3"]
[White "Zuniga Alvarez, Alfredo"]
[Black "Mondaca Gonzalez, Alfredo"]
[Result "1-0"]
[WhiteElo "1828"]
[BlackElo "1855"]
[PlyCount "107"]
[EventDate "2019.09.27"]
[EventType "tourn"]
[EventRounds "7"]
[EventCountry "CHI"]
[SourceTitle "CBM 194 Extra"]
[Source "ChessBase"]
[SourceDate "2020.03.31"]
[SourceVersion "1"]
[SourceVersionDate "2020.03.31"]
[SourceQuality "1"]

1. e4 c5 2. Nf3 a6 3. d4 cxd4 4. Nxd4 e6 5. Bd3 Nf6 6. 0-0 Qc7 7. c4 Bc5 8. Nb3 Ba7 9. Qe2 d6 10. Nc3 Nbd7 11. Be3 Bxe3 12. Qxe3 b6 13. Rac1 Bb7 14. f4 0-0 15. Nd2 Rac8 16. b3 Rfe8 17. Qh3 e5 18. Bb1 exf4 19. Rxf4 Qc5+ 20. Kh1 Qg5 21. Rcf1 Ne5 22. Nd5 Nfd7 23. R4f2 b5 24. Nf3 Qg4 25. Nxe5 Qxh3 26. gxh3 Nxe5 27. cxb5 axb5 28. Rg1 Rc5 29. Nf6+ Kf8 30. Nxe8 Kxe8 31. Re1 b4 32. Rc2 Rxc2 33. Bxc2 Ke7 34. Kg2 Ke6 35. Kf2 Nd7 36. Ke3 Ke5 37. Rf1 Ke6 38. Bd3 Ne5 39. Rc1 Kd7 40. Bb5+ Kd8 41. Kd4 Nf3+ 42. Ke3 Ne5 43. Bc4 Bc8 44. h4 Bd7 45. Rg1 g6 46. Be2 h5 47. Rc1 Be6 48. Bc4 Bd7 49. Ba6 Bc6 50. a3 bxa3 51. b4 Bd7 52. b5 a2 53. b6 Nc6 54. Bc4 1-0

[Event "Mayor Temuco"]
[Site "Rosales"]
[Date "2017.10.21"]
[Round "1.3"]
[White "Zuniga Alvarez, Alfredo"]
[Black "Rodriguez Munoz, Raul Alejandro"]
[Result "1-0"]
[WhiteElo "1782"]
[BlackElo "1666"]
[PlyCount "81"]
[EventDate "2017.10.21"]
[EventType "tourn"]
[EventRounds "10"]
[EventCountry "CHI"]
[SourceTitle "EXT 2024"]
[Source "ChessBase"]
[SourceDate "2023.10.10"]
[SourceVersion "1"]
[SourceVersionDate "2023.10.10"]
[SourceQuality "1"]

1. e4 e5 2. Nf3 Nc6 3. Bb5 Nf6 4. d3 d6 5. h3 g6 6. c3 Bg7 7. 0-0 0-0 8. Re1 a6 9. Ba4 b5 10. Bb3 Na5 11. Bc2 c5 12. Nbd2 Nh5 13. Nf1 f5 14. d4 Nc6 15. dxe5 dxe5 16. Bg5 Qe8 17. exf5 gxf5 18. a4 Be6 19. axb5 axb5 20. Rxa8 Qxa8 21. Qd6 Qe8 22. Qxc5 e4 23. Qxb5 h6 24. Bc1 Kh8 25. N3h2 Bd7 26. Qe2 Qg6 27. Rd1 Bc8 28. f3 Ng3 29. Nxg3 Qxg3 30. Nf1 Qh4 31. f4 Ne7 32. Kh2 Ng6 33. g3 Qf6 34. Be3 Ba6 35. Qf2 Qc6 36. Bd4 Rb8 37. Bxg7+ Kxg7 38. Qd4+ Kg8 39. b4 Qb5 40. Bb3+ Kf8 41. Qf6+ 1-0

[Event "Santiago IRT"]
[Site "Santiago de Chile"]
[Date "2011.08.05"]
[Round "1.13"]
[White "Olivares Olivares, Claudio"]
[Black "Zuniga Alvarez, Alfredo"]
[Result "1-0"]
[WhiteElo "2125"]
[BlackElo "1787"]
[PlyCount "42"]
[EventDate "2011.08.05"]
[EventType "swiss"]
[EventRounds "8"]
[EventCountry "CHI"]
[SourceTitle "EXT 2024"]
[Source "ChessBase"]
[SourceDate "2023.10.10"]
[SourceVersion "1"]
[SourceVersionDate "2023.10.10"]
[SourceQuality "1"]

1. e4 c5 2. Nf3 d6 3. d4 cxd4 4. Nxd4 Nf6 5. Nc3 a6 6. Bc4 e6 7. 0-0 Qc7 8. Bb3 Be7 9. f4 0-0 10. f5 e5 11. Nde2 b5 12. Bg5 Nbd7 13. Ng3 a5 14. Nh5 b4 15. Bxf6 Nxf6 16. Nxf6+ Bxf6 17. Nd5 Qc5+ 18. Kh1 Qd4 19. Re1 Qxb2 20. Rg1 Rd8 21. Rf1 Bb7 1-0